000 00441nam a2200133 i 4500
001 24109
003 ES-MaACL
005 20230906153007.0
007 t|
008 021216s1919 sp ||||1| spa d
245 0 0 _aAnteproyecto de Estatuto de la Universidad de Sevilla, redactado conforme al Real decreto de 21 de mayo de 1919 por la Ponencia nombrada por el Claustro.
260 _aSevilla :
_b[s.n.],
_c1919.
852 _aES-MaACL
_j1536-F-14
999 _c24109
_d24109